تحميل...

Introduction to system design using integrated circuits

التفاصيل البيبلوغرافية
المؤلف الرئيسي: Sonde B S
التنسيق: Printed Book
منشور في: New Delhi New age International ltd 1980
الطبعة:2nd
الموضوعات:
LEADER 00684nam a22001697a 4500
020 |a 8122403867 
082 |a 621.38195835  |b SON 
100 |a  Sonde B S 
245 |a Introduction to system design using integrated circuits  
250 |a 2nd 
260 |a New Delhi  |b New age International ltd  |c 1980 
300 |a vii,312 
650 |a Integrated Circuits 
942 |c BK 
999 |c 128258  |d 128254 
952 |0 0  |1 0  |4 0  |6 621_381958350000000_SON  |7 0  |8 NFIC  |9 126629  |a SPAP  |b SPAP  |c GEN  |d 2017-08-11  |l 0  |o 621.38195835 SON  |p SPAP1870  |r 2017-08-11  |w 2017-08-11  |y BK 
952 |0 0  |1 0  |4 0  |6 621_381958350000000_SON  |7 0  |8 NFIC  |9 126630  |a SPAP  |b SPAP  |c GEN  |d 2017-08-14  |l 0  |o 621.38195835 SON  |p SPAP1286  |r 2017-08-14  |w 2017-08-14  |y BK